000 00284nam a22001217a 4500
999 _c4909
_d4909
008 250422b ||||| |||| 00| 0 eng d
020 _a9780545019750
082 _a813.5 SHA
100 _aSHANNON,DAVID
_eAUTHOR
245 _aGOOD BOY FERGUS!
260 _bSCHOLASTIC INC
942 _2ddc